| 000 | 02305cam0a2200349 4500 | ||
|---|---|---|---|
| 001 | 9433 | ||
| 090 | _a9433 | ||
| 099 | _tLIVR | ||
| 100 | _a19981022d1992 ||||0frey50 ba | ||
| 101 | 1 | _afre | |
| 102 | _aFR | ||
| 200 | 1 |
_aEtudes sur le théâtre et le cinéma arabes _fJacob M. Landau _gTraduit de l'anglais par Francine Le Cleac'h _gAvec une préface de H.A.R. Gibb _bLIVR |
|
| 205 | _aEd. revue et corr. par l'auteur | ||
| 210 |
_aParis _cG.-P. Maisonneuve et Larose _d1965 |
||
| 215 |
_a260 p. _cill. _d24 cm |
||
| 225 | 1 | _aEtudes arabes et islamiques | |
| 600 |
_aShauqi _925645 |
||
| 600 |
_aAl-Hakim _925646 |
||
| 600 |
_aMahmud Taimur _925647 |
||
| 606 |
_3029772990 _aThéâtre (genre littéraire) arabe _925648 |
||
| 606 |
_aLe mime _xLe Mystère de la Passion _xLa pièce du théâtre d'Ombres _xLa contribution turque _xReprésentations en langue arabe dan l'Egypte médiévale _xAutres développements en Egypte _xThéâtre d'ombre en Syrie _xThéâtre d'ombre en Afrique du Nord _xCaractéristiques et importance du théâtre d'ombres _925649 |
||
| 606 |
_aLe théâtre arabe _xInfluences locales _xInfluences étrangères _xLe théâtre en Syrie et en Egypte _xLa naissance du théâtre _xL'évolution _xLe nombre croissant des troupes _xLes années d'après guerre et leurs acteurs _xAbyad et le théâtre classique _xL'évolution du théâtre musical _xLe succès du théâtre populaire _xLe gouvernement et le public _xLe théâtre arabe dans d'autres pays _xLes pièces et leurs thèmes _xTraductions _xPièces origines _925650 |
||
| 606 |
_aLe cinéma arabe _xSes origines et son évolution _xLes années d'après guerre _xLes gouvernement et le public _xLe cinéma arabe dans d'autre pays _xLa mise en scène et l'interprétation _xDistribution _xLes thèmes du cinéma arabe _xLe scénario _xListe de quelques pièces arabes 1848- 1956 _925651 |
||
| 606 |
_3027253066 _aThéâtre _3027228959 _yPays arabes _922733 |
||
| 606 |
_3027285979 _aCinéma _3027228959 _yPays arabes _925652 |
||
| 700 | 1 |
_3028492595 _aLandau _bJacob _4070 _925653 |
|
| 702 | 1 |
_3110470044 _aLe Cleac'h _bFrancine _4730 _925654 |
|
| 702 | 1 |
_3034245731 _aGibb _bHamilton Alexander Rosskeen _4080 _925655 |
|
| 801 | 3 |
_aFR _bAbes _c20231016 _gAFNOR |
|
| 801 | 3 |
_aFR _bSF _c19990209 _gUNIMARC |
|
| 801 | 3 |
_aTN _b32BIS |
|
| 830 | _aMS | ||